00379nam a2200145Ia 450000500170000000800410001703700130005804000200007104100130009108400220010410000140012624500550014026000290019530000090022420250326125441.0250326s9999 xx 000 0 und d aTextbook aFMSLbengcFMSL aeng2eng aY2:(X:8) H2qFMSL aNickell P 0aManagement in family livingcNickell P; Dorsey J M aNYbNY, John Wileyc1942 a479p